000 00523nam a2200169Ia 4500
005 20250424120221.0
008 250424s9999 xx 000 0 und d
022 _a21418268
050 _aHC 1055 .A1 A36/
245 0 _aAfrican journal of international politics and diplomacy
260 _aIkot ekpene
260 _bDevelopment Universal Consortia
260 _c2011
300 _avolumes ; 21 cm.
650 _aNigeria--Economic conditions--Periodicals. Nigeria--Politics and government--Periodicals.
942 _cSR
999 _c38048
_d38048